00370nam a22001097a 4500041000800000082001600008100002000024245008500044260007100129300000800200650005200208 aENG a228.07bHAG aHagelberg, Dave aThe revelation of Jesus Christ : to the seven churches and to us, chapters 12-22 aDelhi b Indian Society for Promoting Christian Knowledge,c 2013. a158 a Bible. -- Revelation, XII-XXII -- Commentaries